000 00764nam a22002177a 4500
999 _c9847
_d9847
003 AR-CdUCM
008 190328b ||||| |||| 00| 0 spa d
040 _aMUNICIPALIDAD PROVINCIAL DEL CUSCO
_cBIBLIOTECA MUNICIPAL DEL CUSCO
082 _aC / 780.9856 /
_bH4 / 1960
245 _aHimnos sagrados de los Andes /
_cJorge A. Lira
260 _aCusco :
_bJorge A. Lira,
_c1960.
300 _a[2 tomos] ;
_c26.5 cm.
500 _aProducción local.
505 _aContenido: Tomo II: Partituras de música sacra indígena.
650 _aMúsica - Andes - Sacra
_926335
650 _aPartituras musicales
_926336
650 _aHimnos - Cusco - Andes
_926337
650 _aHimnos a la Virgen - Música religiosa
_926338
942 _2ddc
_cLIBROS
945 _alccs